00294nam a22000977a 4500008004100000082001600041100002400057245008500081260002100166300000900187230612b xxu||||| |||| 00| 0 eng d a354.62bGOK cGovernment of Kenya aTreasury Memorandum on Public Accounts Committee Reports for the Years 1976-1990 aKenyabGOKc1990 a138p